Altoun`s rate assessment calculation for all rating areas (Record no. 85560)

MARC details
000 -LEADER
fixed length control field 00424cam a2200181 4500
001 - CONTROL NUMBER
control field D11968
008 - FIXED-LENGTH DATA ELEMENTS--GENERAL INFORMATION
fixed length control field 090401t1962 xxu||||| |||| 00| 0 eng d
035 ## - SYSTEM CONTROL NUMBER
System control number (Sirsi) u451
041 ## - LANGUAGE CODE
Language code of text/sound track or separate title eng
100 ## - MAIN ENTRY--PERSONAL NAME
Personal name Altoun, H.J.
245 ## - TITLE STATEMENT
Title Altoun`s rate assessment calculation for all rating areas
250 ## - EDITION STATEMENT
Edition statement 9th
260 ## - PUBLICATION, DISTRIBUTION, ETC.
Name of publisher, distributor, etc. Shaw and Sons
Date of publication, distribution, etc. 1962
350 ## - PRICE (NR) (BK AM CF MU VM SE) [OBSOLETE]
Price 0
520 ## - SUMMARY, ETC.
Summary, etc. Shelf 113
942 ## - ADDED ENTRY ELEMENTS (KOHA)
Suppress in OPAC 0
948 ## - LOCAL PROCESSING INFORMATION (OCLC); SERIES PART DESIGNATOR (RLIN)
c (OCLC) 04/03/1997
Holdings
Withdrawn status Lost status Source of classification or shelving scheme Damaged status Not for loan Home library Current library Shelving location Date acquired Total Checkouts Full call number Barcode Date last seen Copy number Price effective from Koha item type
    Other/Generic Classification Scheme     London London Basement 14/09/1999   SHELF 113 30015377 06/08/2019 1 06/08/2019 Reference material